Popularne numery rap/trap tygodnia 18-24.06 Spotify. - Statystyki

Ogólne statystyki
  • Ten quiz został rozwiązany 9 razy
  • Średni wynik to 14 z 30
Statystyki odpowiedzi
Wykonawca Odsłuchania Utwór % Poprawnych
OIO 998K Amerykańskie Teledyski
78%
Sobel 1.11M Bandyta
78%
Sobel 1.18M Fiołkowe Pole
78%
Sobel 552K Kinol
78%
OIO 852K Worki W Tłum
78%
Ekipa, Jacuś 1.02M Zygzak
78%
White 2115 411K California
67%
Ekipa 376K Chill
67%
Mata 789K Patoreakcja
67%
Reto 327K Billy Kid
56%
Mata 2.45M Kiss cam (podryw roku)
56%
Kizo, Wac Toja 811K Nasze Lato
56%
OIO 612K Przypadkiem
56%
Żabson, Kizo, ZetHa, Vladimir Cauchemar 736K Puerto Bounce
56%
Wiatr, Sobel, Be Vis 554K Testarossa
56%
Sobel 409K Alien
44%
Guzior 463K BLUEBERRY
44%
Guzior, Oskar83 466K FALA
44%
OIO 455K MVP
44%
Alberto 373K Dwutakt
33%
Kizo, Trill Pem 361K Fitness
33%
Sobel, Young Igi 424K Nie Teraz
33%
Mata 426K Schodki
33%
Sobel 509K Impreza
22%
Paluch 353K Każdy blok
22%
Chivas, White 2115 527K Mam Na Twarzy Krew I Tym Razem Nie Jest Sztuczna
22%
Białas, White 2115 496K Święto Ogródka
22%
Chivas, White 2115, Szpaku 416K Hellcat Redeye
11%
Tymek, Kuba Karaś, Urbanski 329K Oczko w głowie
11%
Deemz, Reto, Żabson 323K Wasabi
11%
Nie znaleziono quizów pasujących do podanych kryteriów
Rozkład punktacji
Procent ludzi z każdym wynikiem
Percentyl według liczby udzielonych odpowiedzi
Twoja historia wyników
Nie rozwiązałeś tego quizu